Sports Quiz

Random Sports or NHL Quiz

Every player to score more than 10 goals for the Leafs Quiz Stats

Quiz not verified by Sporcle

Challenge
Share
Tweet
Score 0/296 Timer 20:00
0 Plays Today
% Correct
Mats Sundin
90.6%
90.6%
90.6%
90.6%
90.6%
90.6%
90.6%
90.6%
90.6%
90.6%
90.6%
90.6%
90.6%
90.6%
90.6%
90.6%
90.6%
90.6%
Darryl Sittler
87.5%
Wendel Clark
87.5%
Borje Salming
87.5%
Doug Gilmour
87.5%
Phil Kessel
87.5%
Thomas Kaberle
84.4%
Floyd Smith
84.4%
Art Smith
84.4%
Dave Keon
81.3%
Rick Vaive
81.3%
Dave 'Tiger' Williams
81.3%
Tim Horton
81.3%
Frank Mahovlich
78.1%
George Armstrong
78.1%
Lanny McDonald
78.1%
Alexander Mogilny
78.1%
Wilfred 'Bucko' McDonald
78.1%
Ron Ellis
75%
Ted Kennedy
75%
John Anderson
75%
Dave Andreychuk
75%
Glenn Anderson
75%
Harvey 'Busher' Jackson
71.9%
Leonard 'Red' Kelly
71.9%
Bryan McCabe
71.9%
Regis 'Pep' Kelly
71.9%
Mike Johnson
71.9%
Art Jackson
71.9%
Syl Apps
68.8%
Charlie Conacher
68.8%
Darcy Tucker
68.8%
Gary Roberts
68.8%
Brian Conacher
68.8%
Rene Robert
68.8%
Steve Thomas
65.6%
Ian Turnbull
65.6%
Tie Domi
65.6%
Mike Gartner
65.6%
Joe Nieuwendyk
65.6%
Larry Murphy
65.6%
Jimmy Jones
62.5%
Norm Ullman
59.4%
Errol Thompson
59.4%
Nikolai Antropov
59.4%
Vincent Damphousse
59.4%
Allan Stanley
59.4%
Eric Lindros
59.4%
Bob Pulford
56.3%
Gary Leeman
56.3%
Wilf Paiement
56.3%
Jonas Hoglund
56.3%
Ian White
56.3%
Paul Henderson
53.1%
Todd Gill
53.1%
Jason Blake
53.1%
Bob Baun
53.1%
Shayne Corson
53.1%
Owen Nolan
53.1%
Travis Green
53.1%
Johnny Wilson
53.1%
Miroslav Frycer
50%
Alexei Ponikarovsky
50%
Billy Harris
50%
Russ Courtnall
50%
Matt Stajan
50%
Mikhail Grabovski
50%
Nikolai Kulemin
50%
Derek King
50%
Billy Harris
50%
Irvine 'Ace' Bailey
46.9%
Terry Martin
46.9%
Francis 'King' Clancy
46.9%
Dave Ellett
46.9%
Peter Zezel
46.9%
Alexander Steen
46.9%
Nazem Kadri
46.9%
Bill Barilko
46.9%
Bill Berg
46.9%
Dominic Moore
46.9%
Ron Stewart
43.8%
Dick Duff
43.8%
% Correct
Bill Derlago
43.8%
Gaye Stewart
43.8%
Mikael Renberg
43.8%
Carl Brewer
43.8%
Sergei Berezin
40.6%
Max Bentley
40.6%
Tom Fergus
40.6%
Daniel Marois
40.6%
Eddie Shack
40.6%
Joe Primeau
40.6%
Rick Kehoe
40.6%
Jason Allison
40.6%
Harry Watson
37.5%
Jim McKenny
37.5%
Clarence 'Hap' Day
37.5%
Mel Hill
37.5%
Marian Stastny
37.5%
Ed Olczyk
34.4%
Inge Hammarstrom
34.4%
Billy Taylor
34.4%
Niklas Hagman
34.4%
Dmitri Yushkevich
34.4%
Andy Bathgate
34.4%
Luke Richardson
34.4%
Peter Ihnacak
31.3%
Mike Walton
31.3%
Howie Meeker
31.3%
Al Iafrate
31.3%
Yanic Perreault
31.3%
Jim Pappin
31.3%
Clarke MacArthur
31.3%
Jeff O'Neill
31.3%
Paul Gardiner
31.3%
Rob Ramage
31.3%
Jake Gardiner
31.3%
Jamie Macoun
31.3%
Joffrey Lupul
31.3%
Dave 'Sweeney' Schriner
28.1%
Walt Poddubny
28.1%
Walter 'Babe' Pratt
28.1%
Nikolai Borschevsky
28.1%
Robert Reichel
28.1%
Fredrik Modin
28.1%
Kirk Muller
28.1%
Pete Stemkowski
28.1%
Mike Foligno
28.1%
Gordie Drillon
25%
Mark Osborne
25%
Cal Gardner
25%
Bert Olmstead
25%
Rob Pearson
25%
Murray Oliver
25%
Jim Harrison
25%
Steve Sullivan
25%
Dmitri Mironov
25%
John Mitchell
25%
Mathieu Schneider
25%
Cody Franson
25%
Luke Schenn
25%
Bob Rouse
25%
Elwin 'Moe' Morris
25%
Lorne Carr
21.9%
Bob Davidson
21.9%
Pat Boutette
21.9%
Mike Krushelnyski
21.9%
Reginald 'Red' Horner
21.9%
Brian Cullen
21.9%
Bob Neely
21.9%
Kyle Wellwood
21.9%
Blaine Stoughton
21.9%
Barry Cullen
21.9%
John Cullen
21.9%
Carl Gunnarsson
21.9%
Nick Metz
18.8%
Dan Maloney
18.8%
Bob Nevin
18.8%
Chad Kilger
18.8%
Jim Benning
18.8%
Todd Warriner
18.8%
Pavel Kubina
18.8%
Mike Pelyk
18.8%
Jerry Butler
18.8%
Jim Morrison
18.8%
Mike Craig
18.8%
Don Metz
18.8%
Don McKenney
18.8%
Larry Hillman
18.8%
Brian Glennie
18.8%
Bill Thoms
15.6%
Greg Terrion
15.6%
Igor Korolev
15.6%
George Ferguson
15.6%
Stan Weir
15.6%
Pat Hickey
15.6%
Alyn McCauley
15.6%
Gary Valk
15.6%
Lee Stempniak
15.6%
Al Secord
15.6%
Kris Versteeg
15.6%
% Correct
Tod Sloan
12.5%
Frank 'Buzz' Boll
12.5%
Gus Bodnar
12.5%
James Van Riemsdyk
12.5%
Laurie Boschman
12.5%
Walt McKechnie
12.5%
Brit Selby
12.5%
Jim Dorey
12.5%
Randy Wood
12.5%
Wally Stanowski
12.5%
Kent Douglas
12.5%
Mason Raymond
12.5%
Ed Litzenberger
12.5%
John Thomson
12.5%
Gerry James
12.5%
Mike Eastwood
12.5%
Tom Fitzgerald
12.5%
Rocky Saganiuk
9.4%
Garry Monahan
9.4%
Dave Reid
9.4%
Guy Trottier
9.4%
Darby Hendrickson
9.4%
Bruce Boudreau
9.4%
Bill Carson
9.4%
Don Ashby
9.4%
Dmitri Khristich
9.4%
Matt Frattin
9.4%
Tom Kurvers
9.4%
Jack McLean
9.4%
Tim Connolly
9.4%
Carlo Colaiacovo
9.4%
Bates Battaglia
9.4%
Joe Klukay
6.3%
Andrew Blair
6.3%
Harold 'Baldy' Cotton
6.3%
Jack Valiquette
6.3%
Bill MacMillan
6.3%
Denis Dupere
6.3%
Jackie Hamilton
6.3%
Jim Korn
6.3%
Fleming Mackell
6.3%
Boyd Devereaux
6.3%
Reg Hamilton
6.3%
Lucien DeBlois
6.3%
Johnny Pohl
6.3%
Benoit Hogue
6.3%
Mike Bullard
6.3%
Dan Hodgson
6.3%
Larry Jeffrey
6.3%
Bob Goldham
6.3%
Joe Sacco
6.3%
Dave Farrish
6.3%
Rudy Migay
3.1%
Norman 'Bud' Poile
3.1%
Eric Nesterenko
3.1%
Stewart Gavin
3.1%
Vic Lynn
3.1%
Gerry Ehman
3.1%
Bob Gracie
3.1%
Gus Marker
3.1%
Pete Langelle
3.1%
Lou Franceschetti
3.1%
Danny Cox
3.1%
Gus Mortson
3.1%
Robert 'Red' Heron
3.1%
Dale McCourt
3.1%
Erwin 'Murph' Chamberlain
3.1%
Dave Hannan
3.1%
Normand Aubin
3.1%
Jimmy Fowler
3.1%
Arthur Duncan
3.1%
Bill Flett
3.1%
Frank Finnigan
3.1%
Rudolph 'Bingo' Kampman
3.1%
Ray Timgren
3.1%
Scott Garland
3.1%
Jay McClement
3.1%
Chris Kotsopoulos
3.1%
Dan Doust
0%
Bill Eznicki
0%
Gord Hannigan
0%
Hank Goldup
0%
Pierre Jarry
0%
Hec Kilrea
0%
Danny Lewicki
0%
John McCreedy
0%
Gaston Gingras
0%
George Boothman
0%
Gary Aldcorn
0%
Dave McLlwain
0%
Ken Doraty
0%
Earl Balfour
0%
Joey Crabb
0%
George Parsons
0%
John McCormack
0%
William 'Flash' Hollett
0%
Larry Regan
0%
Alex Levinsky
0%

You're not logged in!

Compare scores with friends on all Sporcle quizzes.
Sign Up with Email
OR
Log In

You Might Also Like...

Show Comments

Extras

Top Quizzes Today


Score Distribution

Your Account Isn't Verified!

In order to create a playlist on Sporcle, you need to verify the email address you used during registration. Go to your Sporcle Settings to finish the process.